Amori al confino : romanzo /

Guardat en:
Dades bibliogràfiques
Autors principals: Robiony, Giorgio (Autor), Conte, Rosaria (Autor)
Format: Llibre
Idioma:italià
Publicat: Lanciano : Carabba, [2004]
Col·lecció:Universale Carabba ; 4
Etiquetes: Afegir etiqueta
Sense etiquetes, Sigues el primer a etiquetar aquest registre!

MARC

LEADER 00000nam a22000007i 4500
001 IT\ICCU\MOD\0947077
003 ItRI
005 20250707122401.0
008 050621s2004 it |||||| ||||| |||||c
020 |a 8888340432 
040 |b ita  |c ct 
041 7 |a ita  |2 ISO-639-2 
100 1 |a Robiony, Giorgio  |0 IT\ICCU\RMSV\451302  |4 aut 
245 1 0 |a Amori al confino :  |b romanzo /  |c Giorgio Robiony, Rosaria Conte. 
260 |a Lanciano :  |b Carabba,  |c [2004] 
300 |a 217 p. ;  |c 21 cm. 
700 1 |a Conte, Rosaria  |0 IT\ICCU\CFIV\042654  |4 aut 
830 0 |a Universale Carabba ;  |v 4  |0 IT\ICCU\RAV\1176773 
942 |2 ddc  |c BK 
952 |0 0  |1 0  |2 ddc  |4 0  |6 B_LNR02ROBGIAMO11  |7 0  |9 4799  |a MI  |b MI  |d 2005-04-15  |i 4873  |l 0  |o B-LNR02-ROBGI-AMO11  |p CDOM4873  |r 2025-07-07 11:14:16  |w 2025-07-07  |x ACQUISTO  |y BK 
981 1 |6 z01  |a i   |b xxxe  
982 1 |6 z01  |a n 
999 |c 3959  |d 3959